Statistics for Western, Modern & Contemporary visual art movements and styles

Click here to take the quiz!

General Stats

  • This quiz has been taken 9 times
  • The average score is 24 of 84

Answer Stats

Answer% Correct
Abstract expressionism
89%
Cubism
89%
Impressionism
89%
Neo-Impressionism
89%
Post-Impressionism
89%
Precisionism
89%
Socialist realism
89%
Abstract surrealism
67%
Die Brücke
67%
Expressionism
67%
Gothic
67%
Nueva Figuración
67%
Renaissance
67%
The Blue Rider
67%
American realism
56%
Concrete art
56%
Figurative surrealism
56%
Informalism
56%
Lyrical abstraction
56%
Pop art
56%
Psychedelic art
56%
Realism
56%
Regionalism
56%
Retrofuturism
56%
Sots art
56%
Art Deco
44%
Baroque
44%
Cubo-Futurism
44%
Futurism
44%
Art Nouveau
33%
Constructivism
33%
Dadaism
33%
Fauvism
33%
Neo-Gothic
33%
Rococo
33%
Romanesque
33%
Romanticism
33%
Suprematism
33%
Brutalism
22%
Neoplasticism
22%
Vienna Secession
22%
Arts and Crafts
11%
Byzantine
11%
Deconstructivism
11%
Hyperrealism
11%
Land art
11%
Mannerism
11%
Mexican muralism
11%
Minimalism
11%
Neo-futurism
11%
Op art
11%
Symbolism
11%
Arte Povera
0%
Cinema Novo
0%
Conceptual art
0%
CyberArt
0%
Flemish Primitives
0%
Florida Highwaymen
0%
Fluxus
0%
Harlem Renaissance
0%
Italian neorealism
0%
Kinetic art
0%
Lowbrow art
0%
Metaphysical art
0%
Mudéjar
0%
Neo-Baroque
0%
Neo-Byzantine
0%
Neoclassicism
0%
Neo-Dada
0%
Neoexpressionism
0%
Neo-Mudéjar
0%
Neo-pop
0%
Neo-Renaissance
0%
Neo-Romanesque
0%
New Objectivity
0%
Nouvelle Vague
0%
Pre-Raphaelites
0%
Rayonism
0%
Spatialism
0%
Superflat
0%
Synchromism
0%
Tonalism
0%
Viennese Actionism
0%
Vorticism
0%

Score Distribution

Percentile by Number Answered

Percent of People with Each Score

Your Score History

You have not taken this quiz